000 01122nam a2200301Ia 4500
001 B3994
003 IT-RoPAU
008 130308s9999 xx 000 0 und d
040 _aIT-RoPAU
040 _cIT-RoPAU
041 _aSPAGNOLO
100 _aMonsivais Carlos
100 _gCodice Aut. SPICS: 38013
245 _aCultura popular en el ambito urbano (La): el caso de Mexico
245 _bComunicacion Y Culturas populares En Latinoamerica
250 _a1a ed.
260 _aMEXICO
260 _bGustavo Gili
260 _c1987 [1° Ed.:1987 - Ed.Ling.Originale:1987]
300 _a"21 p. (prefazione: no ; testo: 21 [pagine: 113-133])"
500 _aCultura Popolare in Ambito Urbano: Caso di Mexico. Alcuni Elementi della Cultura Urbana. Specificità della Cultura Urbana. Differenze e Somiglianze tra Il Popolare urbano e Rurale. Effetto dell'industria Culturale Sulla Cultura Popolate Urbana. Cultura Popolare urbana ed Emarginazione.
650 _aSOCIOLOGIA DELLA COMUNICAZIONE SOCIALE
650 _eCodice materia Spics: 3806
942 _cBK
957 _71
999 _c44255
_d44255
999 _bSI
999 _g1